000
00404nam a2200133Ia 4500
008
151001s9999||||xx |||||||||||||| ||und||
100
_a
नयनतारा देसाई
245
_a
प्रतापी प्रकाशं अंधारला
250
_a
1
260
_b
विभासा पुस्तक महाल
260
_c
2010
300
_a
184
365
_b
21
999
_c
996227
_d
996224